Christianity in Africa and the African Diaspora (Record no. 17603)

MARC details
000 -LEADER
fixed length control field 00429nam a22001217a 4500
008 - FIXED-LENGTH DATA ELEMENTS--GENERAL INFORMATION
fixed length control field 190405b xxu||||| |||| 00| 0 eng d
020 ## - INTERNATIONAL STANDARD BOOK NUMBER
International Standard Book Number 1441123305
050 ## - LIBRARY OF CONGRESS CALL NUMBER
Classification number BR1360
Item number .C47 2008 c.1
245 ## - TITLE STATEMENT
Title Christianity in Africa and the African Diaspora
Remainder of title The Appropriation of a scattered heritage
Statement of responsibility, etc. Edited by Afe Adogame, Roswith Gerloff and Klaus Hock
260 ## - PUBLICATION, DISTRIBUTION, ETC. (IMPRINT)
Place of publication, distribution, etc. New York
Name of publisher, distributor, etc. Continuum
Date of publication, distribution, etc. 2008
300 ## - PHYSICAL DESCRIPTION
Extent xiv, 354p.
942 ## - ADDED ENTRY ELEMENTS (KOHA)
Source of classification or shelving scheme Library of Congress Classification
Koha item type General Collection
Holdings
Withdrawn status Lost status Source of classification or shelving scheme Not for loan Home library Current library Date acquired Cost, normal purchase price Total Checkouts Full call number Barcode Date last seen Price effective from Koha item type
    Library of Congress Classification   Kabarak, Main Campus Kabarak, Main Campus 05/04/2019 5180.00   BR1360 .C47 2008 c.1 024620 02/08/2024 05/04/2019 General Collection
Designed with assistance from East African Informatics Ltd